000
00316nam a22001337a 4500
008
180316b xxu||||| |||| 00| 0 eng d
020
_a
2900077361333
041
_a
eng
080
_a
611
100
_a
6
101
_a
ANA
245
_a
Laboratory manual for human anatomy& physiology
_c
Martin,T.R
942
_2
udc
_c
BK
999
_c
45225
_d
45225